| 000 | 00744aam a2200277 4500 | ||
|---|---|---|---|
| 005 | 20170109123311.0 | ||
| 008 | 150415b xxu||||| |||| 00| 0 spa d | ||
| 020 | _a9789682481000 | ||
| 041 | _aspa | ||
| 082 | _a1.0.40 C898o2 | ||
| 100 |
_aCravioto Magallón, Tonatiuh _97374 |
||
| 245 | _aOrganización de congresos y convenciones | ||
| 250 | _a2 edición | ||
| 260 |
_aMéxico _bTrillas _c2007 |
||
| 300 | _a221 páginas | ||
| 650 |
_aCONGRESOS _92799 |
||
| 650 |
_aCONVENCIONES _96696 |
||
| 650 |
_aREUNIONES _91559 |
||
| 650 |
_aPLANEACIÓN DE EVENTOS _97375 |
||
| 650 |
_aSERVICIO _91452 |
||
| 650 |
_aEQUIPO _91626 |
||
| 650 |
_aINSTALACIONES _91627 |
||
| 650 |
_aTRANSPORTE _91460 |
||
| 650 |
_aPROMOCIÓN _9685 |
||
| 942 | _cBK | ||
| 999 |
_c4633 _d4633 |
||